000 00558nam a2200217Ia 4500
003 OSt
005 20220926041226.0
006 a|||||r|||| 00| 0
007 ta
008 220923b |||||||| |||| 00| 0 eng d
037 _cGeneral Book
040 _aRTL
_cRTL
_beng
041 _2eng
_aeng
082 _aX62:81:3:N3, G4
100 _aWhite Amber Blanco
_9344663
245 0 _aNationalisation of banking
260 _c1934
650 _aBank
942 _hX62:81:3:N3, G4
_cGB
_2CC
999 _c666678
_d666678